Zjednodušovanie a marketing - minimalismus

Enregistré dans:
Détails bibliographiques
Auteur principal: Dzurová, Mária
Format: Livre
Langue:slovaque
Publié: [S.l.] 2015
Édition:1. vyd.
Sujets:
Tags: Ajouter un tag
Pas de tags, Soyez le premier à ajouter un tag!

MARC

LEADER 00000nam a2200000 4500
001 0211035
005 20240502083526.8
041 0 |a slo 
044 |a CZ 
245 1 0 |a Zjednodušovanie a marketing - minimalismus  |c Mária Dzurová 
250 |a 1. vyd. 
264 1 |a [S.l.]  |c 2015 
300 |a [2 s., 1 NS] 
610 2 0 |a marketing 
610 2 0 |a značky 
100 1 |a Dzurová, Mária